1645 1632 1891 1346 1001 1641 1802 1940 1216 1560 1434 1242 1133 1816 1439 1629 1326 1930 1962 1078 1120 1211 1945 1186 1031 1321 1683 1241 1324 1414 1651 1848 1304 1193 1053 1228 1992 1096 1590 1098 1027 1086 1984 1527 1385 1070 1985 1011 1695 1553 1476 1923 1221 1404 1300 1433 1922 1039 1848 1212 1507 1267 1199 1780 1484 1644 1114 1428 1585 1146 1334 1213 1098 1160 1819 1177 1654 1818 1723 1749 1930 1166 1959 1379 1426 1429 1103 1015 1896 1146 1548 1040 1768 1055 1456 1697 1197 1430 1458 BCNSPRNW ULIB Ver.6.0+V

เปลี่ยนเป็นภาษาไทย

Change to English
 แสดงรายละเอียดบรรณานุกรม
  กลับหน้าหลัก

Brief Record : Get Marc (ISO 2709) : E-mail record : QR code < ปิดหน้าต่าง
LEADER : 00000nam 2200000 a 4500
001    13399114490
003     ULIB
008    101228s2011 us a 000 0 eng d
020    ^a9781416068426 (pbk.)
060 04 ^aQT104^bH549h
100 1  ^aHerlihy, Barbara
245 14 ^aThe human body in health and illness /^cBarbara Herlihy
250    ^a4th ed.
260    ^aSt. Louis, Mo. :^bElsevier,^cc2011
300    ^axviii, 542 p. :^bcol. ill. ;^c28 cm
500    ^aSend to Single Search
504    ^aIncludes bibliographical references and index
650  2 ^aPathology
650  2 ^aPhysiology
945    ^p0^l0^i031612
995    ^a Kesorn
999 ^a ใช้งานได้ทุกระบบ
รายการนี้ยังไม่มีแท็ก
คุณยังไม่ได้ล็อกอิน คุณสามารถมีกิจกรรมร่วมกับเว็บไซต์ได้ แต่ต้องล็อกอินก่อน ::
  ล็อกอิน

รายการสื่อสารสนเทศ

ลำดับที่ ประเภท เลขเรียก/บาร์โค้ด สถานที่ สถานะ
- ไม่พบข้อมูล -

รายการใกล้เคียง
    ผู้แต่ง [Herlihy, Barbara]

    หัวเรื่อง [Pathology]
    หัวเรื่อง [Physiology]

BibComment


ยังไม่เคยถูกคอมเมนท์

คอมเมนท์ทรัพยากรรายการนี้
  คอมเมนท์: The human body i..


 Copyright 2026. Bcnsprnw @Library